00762nam a2200241Ia 450000100060000000300090000600800410001504000130005604000130006904100130008210000250009510000290012024500530014924500350020225000110023726000170024826000240026526000490028930000570033850000510039565000430044665000310048999335IT-RoPAU130308s9999 xx 000 0 und d aIT-RoPAU cIT-RoPAU aSPAGNOLO aOssandon Fernando C. gCodice Aut. SPICS: 34173 aComunicacion de base: una contribucion al cambio bComunicacion Para la Comunidad a1a ed. aBUENOS AIRES bEdiciones La Aurora c1990 [1° Ed.:1990 - Ed.Ling.Originale:1990] a"8 p. (prefazione: no ; testo: 8 [pagine: 145-152])" aComunicazione di Base un Contributo al Cambio. aCONVEGNI/MANIFESTAZIONI PASTORALE D.CS eCodice materia Spics: 9315